00455nam a2200121Ia 4500008004100000245014200041260004500183260000900228300000800237500001300245650001300258856006200271170516s9999 xx 000 0 und d 2aA novel modified paclitaxel-loaded discoidal recombinant high-density lipoproteins: Preparation, characterizations and in vivo evaluation bAsian Journal of Pharmaceutical Sciences c2013 a8:1 aFebruary xPharmacy uhttp://www.sciencedirect.com/science/journal/18180876/8/1